000 00847nam a2200253Ia 4500
003 OSt
005 20221005112211.0
006 a|||||r|||| 00| 0
007 ta
008 221004b |||||||| |||| 00| 0 pan d
020 _c200
024 _a5652
037 _b713, 26/06/2013, H.K. Prakashan
_cTextual
040 _aCRL
_cCRL
_bpan
041 _2pan
_apan
082 _aO153,2x, Q2
100 _aਧਾਲੀਵਾਲ, ਕੇਵਲ, ਥਦ.
245 0 _aਸੁਪਨਿਆਂ ਦੀ ਧਰਤੀ
260 _aਅੰਮ੍ਰਿਤਸਰ
_bਮੰਚ ਰੰਗਮੰਚ ਭਾਰਤ
_c2012
300 _a571ਪੰ
_ccm.
650 _aਪੰਜਾਬੀ ਸਾਹਿਤ
942 _hO153,2x, Q2
_cTEXL
_2cc
999 _c1024167
_d1024167